Name the NBA Player - Statistics

General Stats
  • This quiz has been taken 27 times
  • The average score is 10 of 12
Answer Stats
Picture Answer % Correct
James Harden
100%
Blake Griffin
96%
Kevin Garnett
96%
Tony Parker
92%
Damian Lillard
88%
Devin Booker
88%
Jason Kidd
88%
Gordon Hayward
84%
Kemba Walker
84%
Kyle Korver
80%
Jason Terry
76%
Chris Paul
64%
No matching quizzes found
Score Distribution
Percent of People with Each Score
Percentile by Number Answered
Your Score History
You have not taken this quiz